Co to za samolot? - Statystyki

Ogólne statystyki
  • Ten quiz został rozwiązany 111 razy
  • Średni wynik to 10 z 16
Statystyki odpowiedzi
Obrazkowy Odpowiedź % Poprawnych
A320
96%
A380
79%
A340
78%
B747
78%
B737
73%
B777
69%
B787
69%
A319
62%
A350
62%
B757
62%
BCS3/A220
56%
B767
54%
E195
54%
A330
51%
E170
48%
C17
41%
Nie znaleziono quizów pasujących do podanych kryteriów
Rozkład punktacji
Procent ludzi z każdym wynikiem
Percentyl według liczby udzielonych odpowiedzi
Twoja historia wyników
Nie rozwiązałeś tego quizu